000 00658nam a22002177a 4500
999 _c4436
_d4436
003 AR-CdUCM
008 190308b ||||| |||| 00| 0 spa d
020 _a950-614-061-8
040 _aMUNICIPALIDAD PROVINCIAL DEL CUSCO
_cBIBLIOTECA MUNICIPAL DEL CUSCO
041 _heng
082 _a828.9 /
_bW54
100 _aWhite, Patrick
_99172
245 _aEl carro de los elegidos /
260 _aBuenos Aires :
_bEdiciones Orbis,
_bHyspamerica ediciones,
_c1984.
300 _a463 páginas ;
_c20 cm.
440 _aLos premios Nobel.
_n25
_913965
650 _aNovela
_95
700 _aPuerta, Carlos (traductor)
_913966
942 _2ddc
_cLIBROS
945 _azta